000 01248cam a22003374a 4500
001 12418901
003 OSt
005 20150916124146.0
008 010523s1999 enka b 001 0 eng
010 _a 2001268847
020 _a0761965009
020 _a0761965017 (pbk.)
040 _aDLC
_cDLC
_dDLC
042 _apcc
050 0 0 _aBF721
_b.W347 1999
082 0 0 _a372.1102/4
_221
100 1 _aWebster-Stratton, Carolyn.
245 1 0 _aHow to promote children's social and emotional competence /
_cCarolyn Webster-Stratton.
260 _aLondon :
_bP. Chapman ;
_aThousand Oaks, Calif. :
_bSage Publications,
_c1999.
300 _axvi, 319 p. :
_bill. ;
_c24 cm.
504 _aIncludes bibliographical references and index.
650 0 _aChild psychology.
650 0 _aChildren
_xConduct of life.
650 0 _aTeacher-student relationships.
650 0 _aParent-teacher relationships.
856 4 2 _3Publisher description
_uhttp://www.loc.gov/catdir/enhancements/fy0658/2001268847-d.html
856 4 1 _3Table of contents only
_uhttp://www.loc.gov/catdir/enhancements/fy0658/2001268847-t.html
906 _a7
_bcbc
_corignew
_d2
_encip
_f20
_gy-gencatlg
942 _2lcc
_cBK
999 _c49
_d49